01974nam a2200265 i 4500003000900000005001700009007000300026008004100029020001800070040003000088041000800118082001800126100003900144245012800183250002200311264005500333300003900388336002700427337003300454338002800487500005700515504003000572520103300602710007301635DO-SdBNP20250715093220.0ta250715s2024 dr do 000 0 spa d a9789945801378 aDO-SdBNPbspacBNPHUerda aspa 4axxxbM6322221 aMichel, José Mieseseautor4aut.13aUn nuevo model o de atención a personas con enfermedad mental grave en la República Dominicana /cJosé Mieses Michel  aPrimera edición aSanto Domingo :bFUNDAPEM,bEditora Búho,c2024. a165 páginas :bgrafica ;c23 cm. atextobtxt2rdacontent asin mediaciónbn2rdamedia avolumenbnc2rdacarrier aIncluye datos biográficos del autor en las solapas aBibliografía p: 161-165 aLa propuesta para un nuevo Modelo de Atención a Personas con Enfermedad Mental Grave tiene una trascendencia que supera su lectura; es un ideario que reclama transformar la concepción y el quehacer respecto de la salud mental. Un tema que pese a su incidencia y la capacidad que tiene de desestabilizar la familia, no acaba de ser visto por las autoridades y la propia comunidad, en la capacidad de destruir el que debía ser un sano tejido familiar y social. Mieses Michel lo que plantea en su libro es un desafío que llama a transformar la perspectiva de la cuestión, un reclamo que, en forma de angustiado llamado, hacen las muchas familias afectadas. Es una luz documentada y responsable. Logra plasmar las principales directrices para reenfocar una problemática que demanda ser admitida y planteada como fenómeno que supera lo puramente clínico. Invita a considerar que en la capacidad de dar asistencia real a los casos graves de salud mental, radica la esencia de lograr una sociedad inclusiva y solidaria.1 aFundación en apoyo a las personas con enfermedad mental (FUNDAPEM)